|
|
|
|
| LEADER |
01078nam a2200277 a 4500 |
| 001 |
3928 |
| 003 |
BD-DhAAL |
| 005 |
20150518111510.0 |
| 008 |
150518s1995 ctu b 001 0 eng |
| 010 |
|
|
|a 94033209
|
| 020 |
|
|
|a 1561343242 :
|c $13.95
|
| 040 |
|
|
|a DLC
|c DLC
|d DLC
|d BD-DhAAL
|
| 050 |
0 |
0 |
|a D860
|b .T357 1995
|
| 082 |
0 |
0 |
|a 909.82
|2 20
|
| 245 |
0 |
0 |
|a Taking sides.
|p Clashing views on controversial issues in world politics /
|c edited, selected, and with introductions by John T. Rourke.
|
| 246 |
3 |
0 |
|a Clashing views on controversial issues in world politics
|
| 250 |
|
|
|a 6th ed.
|
| 260 |
|
|
|a Guilford, Conn. :
|b Dushkin Pub. Co.,
|c c1995.
|
| 300 |
|
|
|a xxi, 381 p. ;
|c 24 cm.
|
| 504 |
|
|
|a Includes bibliographical references and index.
|
| 541 |
|
|
|e 3928
|
| 650 |
0 |
0 |
|a World politics
|y 1989-
|9 11133
|
| 700 |
1 |
|
|a Rourke, John T.,
|d 1945-
|9 8100
|
| 942 |
|
|
|2 ddc
|c BK
|
| 999 |
|
|
|c 34438
|d 34438
|
| 952 |
|
|
|0 0
|1 0
|2 ddc
|4 0
|6 909_820000000000000_TAK
|7 0
|9 53766
|a SCL
|b SCL
|c GEN
|d 2015-05-18
|e Gift: The Asia Foundation
|l 1
|m 2
|o 909.82 TAK
|p 3020003928
|r 2019-02-25
|s 2019-01-25
|t 1
|w 2015-05-18
|y BK
|